| 000 | 01086pam a2200301 a 4500 | ||
|---|---|---|---|
| 999 |
_c10800 _d10800 |
||
| 001 | 580351 | ||
| 003 | OSt | ||
| 005 | 20191227100533.0 | ||
| 008 | 901010r19931981mdua b 001 0 eng | ||
| 010 | _a 90020728 | ||
| 020 | _a8174730249 | ||
| 040 |
_aDLC _cDLC _dDLC |
||
| 050 | 1 | 0 |
_aHB172 _b.W37 1993 |
| 082 | 0 | 0 |
_a338.5201 _220 _bWAT/P |
| 100 |
_aWatson, Donald Stevenson _9787 |
||
| 245 | 1 | 0 |
_aPrice theory and its uses / _cDonald Stevenson Watson, Malcolm Getz. |
| 250 | _a5th ed. | ||
| 260 |
_aDelhi : _bAITBS, _c1996. _c2000. _c2004. |
||
| 300 |
_avxi, 534 p. : _bill. ; _c22 cm. |
||
| 500 | _aReprint. Originally published: 5th ed. Boston : Houghton Mifflin, c1981. | ||
| 504 | _aIncludes bibliographical references and index. | ||
| 650 | 0 | _aMicroeconomics. | |
| 650 | 0 | _aPrices. | |
| 700 | 1 |
_aGetz, Malcolm _9818 |
|
| 906 |
_a7 _bcbc _corignew _d1 _eocip _f19 _gy-gencatlg |
||
| 942 |
_2ddc _cBK _h338.5201 _iWAT/P _k338.5201 _mWAT/P |
||